Les entraîneurs de Serie A (2010-2020) - Statistiques

Statistiques générales
  • Ce quiz a été pris 90 fois
  • Le résultat moyen est 50 sur 227
Statistiques - réponses
Années Nationalité Entraîneur % Correct
Juventus 2020- Italie Andrea Pirlo
90%
AC Milan 2014-2015 Italie Filippo Inzaghi
90%
Benevento 2020- Italie Filippo Inzaghi
90%
Bologne 2018-2019 Italie Filippo Inzaghi
90%
Lazio Rome 2016- Italie Simone Inzaghi
90%
AC Milan 2010-2014 Italie Massimiliano Allegri
87%
Juventus 2014-2019 Italie Massimiliano Allegri
87%
Inter Milan 2019- Italie Antonio Conte
85%
Juventus 2011-2014 Italie Antonio Conte
85%
Empoli 2014-2015 Italie Maurizio Sarri
84%
Juventus 2019-2020 Italie Maurizio Sarri
84%
Naples 2015-2018 Italie Maurizio Sarri
84%
AC Milan 2017-2019 Italie Gennaro Gattuso
81%
Naples 2019- Italie Gennaro Gattuso
81%
Naples 2018-2019 Italie Carlo Ancelotti
76%
AS Rome 2013-2016 France Rudi Garcia
71%
AS Rome 2010-2011 Italie Claudio Ranieri
69%
AS Rome 2019 Italie Claudio Ranieri
69%
Inter Milan 2011-2012 Italie Claudio Ranieri
69%
Sampdoria 2019- Italie Claudio Ranieri
69%
AC Milan 2019- Italie Stefano Pioli
69%
Bologne 2011-2014 Italie Stefano Pioli
69%
Chievo Vérone 2010-2011 Italie Stefano Pioli
69%
Fiorentina 2017-2019 Italie Stefano Pioli
69%
Inter Milan 2016-2017 Italie Stefano Pioli
69%
Lazio Rome 2014-2016 Italie Stefano Pioli
69%
Atalanta 2016- Italie Gian Piero Gasperini
57%
Genoa 2010 Italie Gian Piero Gasperini
57%
Genoa 2013-2016 Italie Gian Piero Gasperini
57%
Inter Milan 2011 Italie Gian Piero Gasperini
57%
Palerme 2012-2013 Italie Gian Piero Gasperini
57%
Inter Milan 2010-2011 Espagne Rafael Benitez
57%
Naples 2013-2015 Espagne Rafael Benitez
57%
Inter Milan 2014-2016 Italie Roberto Mancini
57%
AC Milan 2014 Pays-Bas Clarence Seedorf
49%
AC Milan 2015-2016 Serbie Sinisa Mihajlovic
49%
Bologne 2019- Serbie Sinisa Mihajlovic
49%
Fiorentina 2010-2011 Serbie Sinisa Mihajlovic
49%
Sampdoria 2013-2015 Serbie Sinisa Mihajlovic
49%
Torino 2016-2018 Serbie Sinisa Mihajlovic
49%
AS Rome 2016-2017 Italie Luciano Spalletti
44%
Inter Milan 2017-2019 Italie Luciano Spalletti
44%
Inter Milan 2016 Pays-Bas Frank de Boer
41%
Genoa 2019 Italie Thiago Motta
41%
AS Rome 2017-2019 Italie Eusebio Di Francesco
38%
Cagliari 2020- Italie Eusebio Di Francesco
38%
Sampdoria 2019 Italie Eusebio Di Francesco
38%
Sassuolo 2013-2014 Italie Eusebio Di Francesco
38%
Sassuolo 2014-2017 Italie Eusebio Di Francesco
38%
Fiorentina 2015-2017 Portugal Paulo Sousa
38%
Benevento 2017-2018 Italie Roberto De Zerbi
38%
Palerme 2016 Italie Roberto De Zerbi
38%
Sassuolo 2018- Italie Roberto De Zerbi
38%
AC Milan 2016-2017 Italie Vincenzo Montella
38%
AS Rome 2011 Italie Vincenzo Montella
38%
Catane 2011-2012 Italie Vincenzo Montella
38%
Fiorentina 2012-2015 Italie Vincenzo Montella
38%
Fiorentina 2019 Italie Vincenzo Montella
38%
Sampdoria 2015-2016 Italie Vincenzo Montella
38%
AS Rome 2019- Portugal Paulo Fonseca
35%
Udinese 2018 Croatie Igor Tudor
31%
Udinese 2019 Croatie Igor Tudor
31%
AS Rome 2011-2012 Espagne Luis Enrique
31%
Inter Milan 2013-2014 Italie Walter Mazzarri
28%
Naples 2010-2013 Italie Walter Mazzarri
28%
Torino 2018-2020 Italie Walter Mazzarri
28%
Inter Milan 2011 Brésil Leonardo
26%
Catane 2011 Argentine Diego Simeone
25%
Lazio Rome 2012-2014 Suisse Vladimir Petkovic
25%
Spezia 2020- Italie Vincenzo Italiano
22%
AS Rome 2012-2013 Rép. Tchèque Zdenek Zeman
21%
Cagliari 2014 Rép. Tchèque Zdenek Zeman
21%
Cagliari 2015 Rép. Tchèque Zdenek Zeman
21%
Pescara 2017 Rép. Tchèque Zdenek Zeman
21%
Bologne 2014-2015 Italie Delio Rossi
19%
Fiorentina 2011-2012 Italie Delio Rossi
19%
Palerme 2010-2011 Italie Delio Rossi
19%
Sampdoria 2012-2013 Italie Delio Rossi
19%
AC Milan 2019 Italie Marco Giampaolo
19%
Catane 2010-2011 Italie Marco Giampaolo
19%
Cesena 2011 Italie Marco Giampaolo
19%
Empoli 2015-2016 Italie Marco Giampaolo
19%
Sampdoria 2016-2019 Italie Marco GIampaolo
19%
Torino 2020- Italie Marco Giampaolo
19%
Brescia 2019 Italie Fabio Grosso
15%
Bari 2010-2011 Italie Gian Piero Ventura
15%
Chievo Vérone 2018 Italie Gian Piero Ventura
15%
Torino 2012-2016 Italie Gian Piero Ventura
15%
Genoa 2012-2013 Italie Luigi Delneri
15%
Hellas Vérone 2015-2016 Italie Luigi Delneri
15%
Juventus 2010-2011 Italie Luigi Delneri
15%
Udinese 2016-2017 Italie Luigi Delneri
15%
Inter Milan 2012-2013 Italie Andrea Stramaccioni
13%
Udinese 2014-2015 Italie Andrea Stramaccioni
13%
Fiorentina 2020- Italie Cesare Prandelli
13%
Genoa 2018-2019 Italie Cesare Prandelli
13%
Sampdoria 2012 Italie Ciro Ferrara
13%
Crotone 2016-2017 Italie Davide Nicola
13%
Genoa 2019-2020 Italie Davide Nicola
13%
Livorno 2013-2014 Italie Davide Nicola
13%
Livorno 2014 Italie Davide Nicola
13%
Udinese 2018-2019 Italie Davide Nicola
13%
Cagliari 2014-2015 Italie Gianfranco Zola
13%
Genoa 2016-2017 Croatie Ivan Juric
13%
Genoa 2017 Croatie Ivan Juric
13%
Genoa 2018 Croatie Ivan Juric
13%
Hellas Vérone 2019- Croatie Ivan Juric
13%
Bologne 2015-2018 Italie Roberto Donadoni
13%
Cagliari 2010-2011 Italie Roberto Donadoni
13%
Parme 2012-2015 Italie Roberto Donadoni
13%
Brescia 2020 Uruguay Diego Luis Lopez
12%
Cagliari 2013-2014 Uruguay Diego Luis Lopez
12%
Cagliari 2017-2018 Uruguay Diego Luis Lopez
12%
Palerme 2017 Uruguay Diego Luis Lopez
12%
Udinese 2010-2014 Italie Francesco Guidolin
12%
Bologne 2014 Italie Davide Ballardini
9%
Genoa 2010-2011 Italie Davide Ballardini
9%
Genoa 2013 Italie Davide Ballardini
9%
Genoa 2017-2018 Italie Davide Ballardini
9%
Palerme 2015 Italie Davide Ballardini
9%
Palerme 2016 Italie Davide Ballardini
9%
Cagliari 2011-2012 Italie Davide Ballardini/Massimo Ficcadenti
9%
Atalanta 2015-2016 Italie Edoardo Reja
9%
Lazio Rome 2010-2012 Italie Edoardo Reja
9%
Lazio Rome 2014 Italie Edoardo Reja
9%
Parme 2018-2020 Italie Roberto D'Aversa
9%
Atalanta 2011-2015 Italie Stefano Colantuono
9%
Udinese 2015-2016 Italie Stefano Colantuono
9%
AS Rome 2013 Italie Aurelio Andreazzoli
7%
Empoli 2018 Italie Aurelio Andreazzoli
7%
Empoli 2019 Italie Aurelio Andreazzoli
7%
Genoa 2019 Italie Aurelio Andreazzoli
7%
Brescia 2010 Italie Giuseppe Iachini
7%
Brescia 2011 Italie Giuseppe Iachini
7%
Empoli 2018-2019 Italie Giuseppe Iachini
7%
Fiorentina 2019-2020 Italie Giuseppe Iachini
7%
Palerme 2014-2015 Italie Giuseppe Iachini
7%
Palerme 2016 Italie Giuseppe Iachini
7%
Sassuolo 2017-2018 Italie Giuseppe Iachini
7%
Sienne 2012-2013 Italie Giuseppe Iachini
7%
Udinese 2016 Italie Giuseppe Iachini
7%
Udinese 2019- Italie Luca Gotti
7%
AC Milan 2016 Italie Cristian Brocchi
6%
Brescia 2019 Italie Eugenio Corini
6%
Brescia 2019-2020 Italie Eugenio Corini
6%
Chievo Vérone 2012-2013 Italie Eugenio Corini
6%
Chievo Vérone 2013-2014 Italie Eugenio Corini
6%
Palerme 2016-2017 Italie Eugenio Corini
6%
Genoa 2013 Italie Fabio Liverani
6%
Lecce 2019-2020 Italie Fabio Liverani
6%
Parme 2020- Italie Fabio Liverani
6%
Cagliari 2018-2020 Italie Rolando Maran
6%
Catane 2012-2013 Italie Rolando Maran
6%
Catane 2014 Italie Rolando Maran
6%
Chievo Vérone 2014-2018 Italie Rolando Maran
6%
Genoa 2020- Italie Rolando Maran
6%
Cagliari 2020 Italie Walter Zenga
6%
Crotone 2017-2018 Italie Walter Zenga
6%
Sampdoria 2015 Italie Walter Zenga
6%
Bologne 2010-2011 Italie Alberto Malesani
4%
Genoa 2011 Italie Alberto Malesani
4%
Genoa 2012 Italie Alberto Malesani
4%
Palerme 2013 Italie Alberto Malesani
4%
Sassuolo 2014 Italie Alberto Malesani
4%
Palerme 2011 Italie Devis Mangia
4%
Hellas Vérone 2017-2018 Italie Fabio Pecchia
4%
SPAL 2017-2020 Italie Leonardo Semplici
4%
Brescia 2010-2011 Italie Mario Beretta
4%
Cesena 2012 Italie Mario Beretta
4%
Lecce 2011-2012 Italie Serse Cosmi
4%
Palerme 2011 Italie Serse Cosmi
4%
Sienne 2012 Italie Serse Cosmi
4%
Genoa 2017 Italie Andrea Mandorlini
3%
Hellas Vérone 2013-2015 Italie Andrea Mandorlini
3%
Pescara 2013 Italie Cristian Bucchi
3%
Sassuolo 2017 Italie Cristian Bucchi
3%
Carpi 2015 Italie Fabrizio Castori
3%
Carpi 2015-2016 Italie Fabrizio Castori
3%
Crotone 2020- Italie Giovanni Stroppa
3%
Pescara 2012 Italie Giovanni Stroppa
3%
Carpi 2015 Italie Giuseppe Sannino
3%
Chievo Vérone 2013 Italie Giuseppe Sannino
3%
Palerme 2012 Italie Giuseppe Sannino
3%
Chievo Vérone 2018 Italie Lorenzo D'Anna
3%
Catane 2013-2014 Italie Luigi De Canio
3%
Genoa 2012 Italie Luigi De Canio
3%
Lecce 2010-2011 Italie Luigi De Canio
3%
Udinese 2016 Italie Luigi De Canio
3%
SPAL 2020 Italie Luigi Di Biagio
3%
Cesena 2010-2011 Italie Massimo Ficcadenti
3%
Frosinone 2018 Italie Moreno Longo
3%
Torino 2020 Italie Moreno Longo
3%
Frosinone 2015-2016 Italie Roberto Stellone
3%
Palerme 2016 Italie Walter Novellino
3%
Cesena 2011-2012 Italie Daniele Arrigoni
1%
Cesena 2014-2015 Italie Domenico Di Carlo
1%
Chievo Vérone 2011-2012 Italie Domenico Di Carlo
1%
Chievo Vérone 2018-2019 Italie Domenico Di Carlo
1%
Livorno 2014 Italie Domenico Di Carlo
1%
Sampdoria 2010-2011 Italie Domenico Di Carlo
1%
Cagliari 2015 Italie Gianluca Festa
1%
Palerme 2016 Italie Giovanni Tedesco
1%
Udinese 2018 Espagne Julio Velazquez
1%
Benevento 2017 Italie Marco Baroni
1%
Frosinone 2018-2019 Italie Marco Baroni
1%
Pescara 2016-2017 Italie Massimo Oddo
1%
Udinese 2017-2018 Italie Massimo Oddo
1%
Catane 2014 Italie Maurizio Pellegrino
1%
Bologne 2011 Italie Pierpaolo Bisoli
1%
Cagliari 2010 Italie Pierpaolo Bisoli
1%
Cesena 2014 Italie Pierpaolo Bisoli
1%
Sampdoria 2011 Italie Alberto Cavasin
0%
Novara 2011-2012 Italie Attilio Tesser
0%
Novara 2012 Italie Attilio Tesser
0%
Bari 2011 Italie Bortolo Mutti
0%
Palerme 2011-2012 Italie Bortolo Mutti
0%
Pescara 2012-2013 Italie Cristiano Bergodi
0%
Palerme 2017 Italie Diego Bortoluzzi
0%
Novara 2012 Italie Emiliano Mondonico
0%
Parme 2011-2012 Italie Franco Colomba
0%
Empoli 2016-2017 Italie Giovanni Martusicello
0%
Sienne 2011-2012 Italie Giuseppe Sannino
0%
Cagliari 2012-2013 Italie Ivo Pulga
0%
Cagliari 2014 Italie Ivo Pulga
0%
Cagliari 2016-2017 Italie Massimo Rastelli
0%
Genoa 2011-2012 Italie Pasquale Marino
0%
Parme 2010-2011 Italie Pasquale Marino
0%
Aucun quiz correspondant
Distribution des résultats
% des personnes avec chaque résultat
Percentile par nombre de réponses
Votre historique - résultats
Vous n’avez pas pris ce quiz